000 00443nam a2200181Ia 4500
001 19252
005 20260306171730.0
008 260306s9999||||xx |||||||||||||| ||und||
041 _aESP
082 _a658.812
_bR84
100 _aRoselló, Joaquin
_eAUT
245 0 _aCómo lograr la excelente atención al cliente
260 _c2009
300 _a149 páginas :
_c24 cm.
650 _aGEN
654 _aCAN
942 _cLIB
_dJUS
_fJUS
_2ddc
_n
999 _c19252
_d19252